F-Zero Tracks - Map Quiz - Statistics

General Stats
  • This quiz has been taken 33 times
  • The average score is 7 of 14
Answers on the Map
Answers color-coded by a green-red scale on the quiz's map according to % correct below.
 
Answer Stats
Answer % Correct
Mute City
68%
Big Blue
64%
Fire Field
61%
Death Wind
57%
Mute City II
57%
Silence
57%
Death Wind II
54%
Port Town II
46%
Red Canyon
43%
Red Canyon II
43%
White Land
43%
White Land II
43%
Sand Ocean
39%
Port Town
36%
No matching quizzes found
Score Distribution
Percent of People with Each Score
Percentile by Number Answered
Your Score History
You have not taken this quiz